[Event "CZE-chT 1011"]
[Site "Czech Republic"]
[Date "2010.11.06"]
[Round "1.6"]
[White "Cernousek, Lukas"]
[Black "Cifka, Stanislav"]
[Result "1/2-1/2"]
[WhiteElo "2410"]
[BlackElo "2410"]
[PlyCount "89"]
[EventDate "2010.11.05"]
[EventType "team-tourn"]
[EventRounds "11"]
[EventCountry "CZE"]
[SourceTitle "EXT 2011"]
[Source "ChessBase"]
[SourceDate "2010.11.26"]
[SourceVersion "1"]
[SourceVersionDate "2010.11.26"]
[SourceQuality "1"]
[WhiteTeam "Pardubice"]
[BlackTeam "Praha Mahrla"]
[WhiteTeamCountry "CZE"]
[BlackTeamCountry "CZE"]

1. d4 Nf6 2. c4 e6 3. g3 d5 4. Bg2 dxc4 5. Nf3 Nc6 6. 0-0 Rb8 7. Nc3 b5 8. Ne5 Nxe5 9. dxe5 Nd7 10. Qd4 b4 11. Na4 Nb6 12. Qxd8+ Kxd8 13. Rd1+ Ke8 14. Nxb6 Rxb6 15. Be3 c5 16. a3 b3 17. Rac1 f6 18. Rxc4 Ba6 19. Rc3 Bxe2 20. Rd2 Bb5 21. Rxb3 Kf7 22. Rd8 Be8 23. Rxb6 axb6 24. Rb8 b5 25. exf6 gxf6 26. Bf1 c4 27. a4 bxa4 28. Bxc4 Be7 29. Bd4 Rf8 30. Rb7 Bc6 31. Rxe7+ Kxe7 32. Bc5+ Kf7 33. Bxf8 Kxf8 34. Bxe6 Ke7 35. Bg8 h6 36. f4 Kd6 37. Kf2 Bd5 38. Bxd5 Kxd5 39. Ke3 Kc4 40. Kd2 f5 41. h3 h5 42. Kc2 Kd4 43. Kd2 Kc4 44. Kc2 Kd4 45. Kd2 1/2-1/2

[Event "CZE-chT 1011"]
[Site "Czech Republic"]
[Date "2010.11.05"]
[Round "5.6"]
[White "Cifka, Stanislav"]
[Black "Priehoda, Vitezslav"]
[Result "0-1"]
[WhiteElo "2410"]
[BlackElo "2398"]
[PlyCount "78"]
[EventDate "2010.11.05"]
[EventType "team-tourn"]
[EventRounds "11"]
[EventCountry "CZE"]
[SourceTitle "EXT 2011"]
[Source "ChessBase"]
[SourceDate "2010.11.26"]
[SourceVersion "1"]
[SourceVersionDate "2010.11.26"]
[SourceQuality "1"]
[WhiteTeam "Praha Mahrla"]
[BlackTeam "Lysa nad Labem"]
[WhiteTeamCountry "CZE"]
[BlackTeamCountry "CZE"]

1. d4 c5 2. d5 d6 3. c4 e5 4. e4 g6 5. Nc3 Bg7 6. Bd3 Nf6 7. Nge2 0-0 8. h3 Na6 9. a3 Nc7 10. Be3 Kh8 11. g4 Ng8 12. Qd2 Bd7 13. Ng3 Rb8 14. b4 b6 15. f3 Ne7 16. h4 f5 17. gxf5 gxf5 18. Nh5 f4 19. Bf2 Bh6 20. Ke2 Ng8 21. Rag1 Be8 22. Rg5 Bxg5 23. hxg5 Bg6 24. Nf6 Nxf6 25. gxf6 Ne8 26. Bh4 Nxf6 27. Kf2 Qd7 28. Bf1 cxb4 29. axb4 a6 30. Qa2 Ra8 31. c5 bxc5 32. bxc5 Qa7 33. Na4 Nd7 34. Kg1 Nxc5 35. Bf2 Qg7 36. Nxc5 Bxe4+ 37. Kh2 Qh6+ 38. Kg1 Rg8+ 39. Bg2 Rxg2+ 0-1

[Event "CZE-chT1W 1011"]
[Site "Czech Republic"]
[Date "2010.10.10"]
[Round "1.1"]
[White "Cifka, Stanislav"]
[Black "Voloshin, Leonid"]
[Result "1/2-1/2"]
[WhiteElo "2410"]
[BlackElo "2456"]
[PlyCount "89"]
[EventDate "2010.10.10"]
[EventType "team-tourn"]
[EventRounds "11"]
[EventCountry "CZE"]
[SourceTitle "EXT 2012"]
[Source "ChessBase"]
[SourceDate "2011.11.24"]
[SourceVersion "1"]
[SourceVersionDate "2011.11.24"]
[SourceQuality "1"]
[WhiteTeam "Ceske Budejovice"]
[BlackTeam "Jicin"]
[WhiteTeamCountry "CZE"]
[BlackTeamCountry "CZE"]

1. d4 Nf6 2. c4 e6 3. Nf3 Bb4+ 4. Nbd2 b6 5. a3 Bxd2+ 6. Qxd2 Bb7 7. e3 a5 8. b3 d6 9. Bb2 Nbd7 10. Be2 Qe7 11. 0-0 0-0 12. Rfd1 Ne4 13. Qc2 f5 14. d5 e5 15. Nd2 Nxd2 16. Rxd2 Qg5 17. Rf1 f4 18. exf4 exf4 19. f3 Ne5 20. Bd3 Nxd3 21. Qxd3 Rae8 22. Re2 Rxe2 23. Qxe2 Bc8 24. Re1 Bd7 25. Qd2 Re8 26. Rxe8+ Bxe8 27. Qd4 Qe7 28. Kf2 Qe3+ 29. Qxe3 fxe3+ 30. Kxe3 Bg6 31. b4 axb4 32. axb4 Kf8 33. h4 Bb1 34. h5 Ba2 35. Kd4 g6 36. h6 Ke7 37. Bc1 Kd7 38. f4 Bb3 39. g4 Bd1 40. f5 gxf5 41. gxf5 Bc2 42. f6 Bg6 43. Bf4 Bf7 44. c5 b5 45. Bg3 1/2-1/2

[Event "Pardubice Czech op-A 21st"]
[Site "Pardubice"]
[Date "2010.07.27"]
[Round "5"]
[White "Cifka, Stanislav"]
[Black "Novotny, Michal"]
[Result "1-0"]
[WhiteElo "2420"]
[BlackElo "2237"]
[PlyCount "75"]
[EventDate "2010.07.23"]
[EventType "swiss"]
[EventRounds "9"]
[EventCountry "CZE"]
[SourceTitle "CBM 137 Extra"]
[Source "ChessBase"]
[SourceDate "2010.09.01"]
[SourceVersion "1"]
[SourceVersionDate "2010.09.01"]
[SourceQuality "1"]

1. d4 Nf6 2. Nf3 e6 3. c4 d5 4. Nc3 Be7 5. Bf4 c6 6. e3 Nbd7 7. Bd3 dxc4 8. Bxc4 Nb6 9. Bb3 Nbd5 10. Be5 Qa5 11. Rc1 Nxc3 12. bxc3 0-0 13. 0-0 c5 14. Qd3 Bd7 15. c4 cxd4 16. Bc2 Ba4 17. exd4 Bxc2 18. Rxc2 Rfd8 19. Rb2 b6 20. Rb5 Qxa2 21. Ng5 h6 22. d5 Rac8 23. Bxf6 Bxf6 24. Qh7+ Kf8 25. d6 Rxd6 26. Qh8+ Ke7 27. Qxc8 Bxg5 28. c5 Rd8 29. Qc7+ Rd7 30. Qe5 Rd5 31. Qxg7 Qe2 32. Rb2 Qe4 33. Ra2 a5 34. cxb6 Bf6 35. Qg3 Rg5 36. Qc7+ Kf8 37. g3 Rb5 38. Rd2 1-0

[Event "Pardubice Czech op-A 21st"]
[Site "Pardubice"]
[Date "2010.07.24"]
[Round "2"]
[White "Dauletova, Gulmira"]
[Black "Cifka, Stanislav"]
[Result "0-1"]
[WhiteElo "2226"]
[BlackElo "2420"]
[PlyCount "78"]
[EventDate "2010.07.23"]
[EventType "swiss"]
[EventRounds "9"]
[EventCountry "CZE"]
[SourceTitle "CBM 137 Extra"]
[Source "ChessBase"]
[SourceDate "2010.09.01"]
[SourceVersion "1"]
[SourceVersionDate "2010.09.01"]
[SourceQuality "1"]

1. b3 d5 2. Bb2 Bg4 3. h3 Bh5 4. g3 Nc6 5. Bg2 e5 6. d3 Nf6 7. Nd2 Be7 8. a3 0-0 9. b4 a6 10. c4 Qd7 11. cxd5 Nxd5 12. Ngf3 Rfe8 13. 0-0 Bf8 14. Re1 Rad8 15. Rc1 f6 16. Kh2 a5 17. b5 Na7 18. a4 c6 19. bxc6 Nxc6 20. Nc4 Ndb4 21. Qb3 Bf7 22. Nfd2 Nd4 23. Qd1 b5 24. Nxa5 bxa4 25. Bxd4 Qxd4 26. Rf1 a3 27. Qa4 Qb2 28. Rfd1 a2 29. Nc6 Nxc6 30. Bxc6 Re7 31. Bb5 Qd4 32. Qxd4 exd4 33. Re1 Ra7 34. Nc4 Bb4 35. Red1 Bc3 36. Ra1 Bxa1 37. Rxa1 Rb8 38. Nd6 Rb6 39. Nxf7 Rxb5 0-1

[Event "Pardubice Czech op-A 21st"]
[Site "Pardubice"]
[Date "2010.07.23"]
[Round "1"]
[White "Cifka, Stanislav"]
[Black "Kolmakov, Pavel"]
[Result "1-0"]
[WhiteElo "2420"]
[BlackElo "2213"]
[PlyCount "75"]
[EventDate "2010.07.23"]
[EventType "swiss"]
[EventRounds "9"]
[EventCountry "CZE"]
[SourceTitle "CBM 137 Extra"]
[Source "ChessBase"]
[SourceDate "2010.09.01"]
[SourceVersion "1"]
[SourceVersionDate "2010.09.01"]
[SourceQuality "1"]

1. d4 Nf6 2. Nf3 d5 3. c4 e6 4. Nc3 c6 5. e3 Nbd7 6. Qc2 Bd6 7. b3 0-0 8. Bb2 b6 9. Bd3 Bb7 10. 0-0 dxc4 11. bxc4 c5 12. d5 exd5 13. Nxd5 Kh8 14. e4 Ng4 15. Rad1 Nde5 16. Nxe5 Bxe5 17. h3 Qh4 18. Be2 Bxb2 19. Qxb2 Nh6 20. Bd3 f5 21. Rfe1 Rad8 22. g3 Qh5 23. Nf4 Qe8 24. exf5 Qc6 25. Kh2 Rd4 26. Re7 Nxf5 27. Bxf5 Rxf5 28. Nd5 Qc8 29. Rxd4 cxd4 30. Qxd4 Qf8 31. Re2 h6 32. Kg1 Qf7 33. Re5 Rxe5 34. Qxe5 b5 35. Ne7 Bf3 36. cxb5 Qxa2 37. g4 Qb3 38. Kh2 1-0